000 00781nam a2200241 i 4500
003 DO-SdBNP
005 20250611111435.0
007 ta
008 250611b1976 dr d|||| |||| 00| 0 spa d
040 _aDO-SdBNP
_bspa
_cBNPHU
_erda
049 _aBNPD
082 4 _axxxx
_bxxx
_222
100 _aFernández, Diógenes,
_eautor
_4aut.
_988061
245 0 0 _aDinámica de los factores del desarrollo en la económia dominicana /
_cDiógenes Fernández
264 1 _aSanto Domingo :
_bAmerican Chamber of Commerce of the Dominican Republic,
_c1976.
300 _a119 páginas ;
_c27 cm.
336 _atexto
_btxt
_2rdacontent
337 _asin mediación
_bn
_2rdamedia
338 _avolumen
_bnc
_2rdacarrier
590 _aInventariado, 2025/BT
910 _aBtavárez
942 _2ddc
_cLBS1
999 _c59227
_d59227